| 000 | 01870cam a22005894i 4500 | ||
|---|---|---|---|
| 003 | PE-LiUPU | ||
| 005 | 20250731170430.0 | ||
| 008 | 150623s r 000 0 d | ||
| 020 | _a0340611014 | ||
| 035 | _a(Sirsi) i9780340611012 | ||
| 040 |
_aPE-LiUPU _bspa _cPE-LiUPU _erda |
||
| 049 | _aPRUA | ||
| 082 | 0 | 4 |
_a170.1 _bT48 _221 |
| 100 | 1 |
_aThompson, Mel, _eautor. |
|
| 245 | 1 | 0 |
_aEthics / _cMel Thompson. |
| 264 | 1 |
_aEuston Road, London : _bTeach Yourself Books, _c1994. |
|
| 300 |
_a222 páginas ; _c20 centímetros |
||
| 336 |
_atext _2rdacontent |
||
| 337 |
_aunmediated _2rdamedia |
||
| 338 |
_avolume _2rdacarrier |
||
| 490 | 0 | _aTeach Yourself Books | |
| 504 | _aIncluye bibliografía. | ||
| 505 | 0 | _aIntroduction: The art of living. Free to choose?. What do we mean?. Is it natural?. Looking for results. The experience of moral choice. A summary. Personal development. Law and order. A global perspective religion and moral values. | |
| 526 | _aSEG68 | ||
| 526 | _aSEG70 | ||
| 526 | _aSEG69 | ||
| 526 | _aSEG67 | ||
| 526 | _aSEG43 | ||
| 526 | _aP144 | ||
| 526 | _aP143 | ||
| 526 | _aP131 | ||
| 526 | _aP122 | ||
| 526 | _aP120 | ||
| 526 | _aP117 | ||
| 526 | _aP112 | ||
| 526 | _aP110 | ||
| 526 | _aP106 | ||
| 526 | _aP101 | ||
| 526 | _aP80 | ||
| 526 | _aP59 | ||
| 526 | _aP54 | ||
| 526 | _aP35 | ||
| 526 | _aP33 | ||
| 526 | _aP30 | ||
| 650 | 0 | 4 |
_aÉtica _xTeoría. |
| 942 |
_2ddc _cBOOK |
||
| 949 |
_a170.1 T48 _wDEWEY _c1 _i51162 _lCCODEBUL1 _mBUL _p10.00 _r0 _sY _tBOOK _u2015-6-24 _xTEOLOGIA _PP35 _0COMPRA _o.STAFF. Colección General |
||
| 994 |
_aC0 _bPEPRU |
||
| 596 | _a1 | ||
| 999 |
_a170.1 T48 _wDEWEY _c32863 _i51162 _f2021-11-9 _g5 _lCCODEBUL1 _mBUL _p10.00 _r0 _sY _tBOOK _u2015-6-24 _xTEOLOGIA _PP35 _0COMPRA _o.STAFF. Colección General _d32863 |
||
| 980 |
_81 _gALBERTO SANCHEZ Responsable de Automatización |
||